| 000 | 00357nam a2200133Ia 4500 | ||
|---|---|---|---|
| 008 | 220204s9999 xx 000 0 und d | ||
| 082 |
_a57.017.67 _bNIC |
||
| 100 | _aMURPHY, D G | ||
| 245 | 0 | _aSenescence: Dominanat or recessive in somatic cell crosses | |
| 260 |
_aNew York _bPlenum _c1977 |
||
| 650 | _aSenescence | ||
| 700 | _aNICHOLS, W W | ||
| 942 | _cBK | ||
| 999 |
_c33644 _d33644 |
||